| 000 | 01024cab a22002175a 4500 | ||
|---|---|---|---|
| 001 | L135822 | ||
| 008 | 061212s2006 xxk f 000 0 eng d | ||
| 035 | _a(Sirsi) u135822 | ||
| 041 | 0 | _aeng | |
| 100 | 1 | _aTerzi, Fatih | |
| 245 | 0 | 0 | _aRetail potential of districts of Istanbul |
| 260 | _c2006 | ||
| 490 | 0 |
_aJournal of Retail and Leisure Property _v5(4) 2006, 314-325(12) |
|
| 520 | _aAfter the 1980s, globalisation and economic restructuring have encouraged the growth of shopping centres in Istanbul. As the numbers of shopping centres have increased, the retail market has become more competitive, resulting in the need to investigate the potential of other locations for the development of shopping centres. Paper uses a gravity model to determine the retail potential of remaining districts in the city that do not have shopping centres. | ||
| 590 | _aKA | ||
| 651 | 4 | _aISTANBUL | |
| 690 | _aPROPERTY-COMMERCIAL PROPERTY-RETAIL PROPERTY | ||
| 700 | 1 | _aMutlu, Hasan | |
| 700 | 1 | _aDokmeci, Vedia | |
| 942 | _n0 | ||
| 999 |
_c78017 _d78017 |
||